| 000 | 00000nam##2200000za#4500 |
| 001 | 9.602735 |
| 003 | CaOODSP |
| 005 | 20240212134142 |
| 007 | cr ||||||||||| |
| 008 | 150406|1992||||xxc|||||o f|0| 0 fre|d |
| 040 | |aCaOODSP|bfre |
| 043 | |an-cn--- |
| 086 | 1 |aNE22-1/1992-7-1F-PDF |
| 110 | 1 |aCanada. |bOffice national de l'énergie. |
| 245 | 10|aMotifs de décision relativement à AG-Energy L.P., Canadian Hydrocarbons Marketing Inc., Canadian-Montana Pipe Line Company, CanWest Gas Supply Inc., Enserch Development Corporation mandataire de Encogen Northwest L.P., Husky Oil Operations Ltd., Kamine Natural Dam Cogen Co. Inc., Makowski Selkirk Inc. mandataire de Selkirk Cogen Partners II L.P. et ATCOR Ltd., Makowski Selkirk Inc. mandataire de Selkirk Cogen Partners II L.P et Esso Resources Canada, Makowski Selkirk Inc. mandataire de Selkirk Cogen Partners II L.P. et PanCanadian Petroleum Limited, New York State Electric & Gas Corporation, Petro-Canada, TransCanada PipeLines Limited ... Esso Resources Canada Limitée/Esso Resources Canada/Transco Energy Marketing Company/CanStates Gas Marketing, Volume 1, exportations de gaz naturel : |h[ressource électronique]|bdemandes de licences d'exportation de gaz naturel déposées conformément à la partie VI de la Loi sur l'Office national de l'énergie ... demande de transfert d'une licence d'exportation de gaz naturel conformément à la partie 1 de la Loi sur l'Office national de l'énergie |
| 246 | 1 |iTitre de renvoi : |aAG-Energy L.P., Canadian Hydrocarbons Marketing Inc., ... |
| 260 | |aCalgary - Alberta : |bOffice national de l'énergie |cJuin 1992. |
| 300 | |a81p. |
| 490 | 1 |aMotifs de décision|vGH-1-92 [vol. 1] |
| 500 | |aLe nº de catalogue (NE22-1/1992-7F) et l'ISBN (0-662-19755-0) de l'édition imprimée ont été incorrectement copiés dans cette édition électronique. |
| 590 | |a12-06-Supp|b2012-03-07 |
| 775 | 08|tReasons for decision in the matter of AG-Energy L.P., Canadian Hydrocarbons Marketing Inc., Canadian-Montana Pipe Line Company, CanWest Gas Supply Inc., Enserch Development Corporation on behalf of Encogen Northwest L.P., Husky Oil Operations Ltd., Kamine Natural Dam Cogen Co. Inc., Makowski Selkirk Inc. on behalf of Selkirk Cogen Partners II L.P. & ATCOR Ltd., Makowski Selkirk Inc. on behalf of Selkirk Cogen Partners II L.P & Esso Resources Canada, Makowski Selkirk Inc. on behalf of Selkirk Cogen Partners II L.P. & PanCanadian Petroleum Limited, New York State Electric & Gas Corporation, Petro-Canada, TransCanada PipeLines Limited ... Esso Resources Canada Limited/Esso Resources Canada/Transco Energy Marketing Company/CanStates Gas Marketing, Volume 1, gas exports : |w(CaOODSP)9.572378 |
| 776 | 0#|tDemande de transfert d'une licence d'exporation de gaz naturel conformément à la partie 1 de la Loi sur l'Office national de l'énergie |w(CaOODSP)9.622239 |
| 830 | #0|aMotifs de décision (Canada. Office national de l'énergie)|vGH-1-92 [vol. 1]|w(CaOODSP)9.500899 |
| 856 | 40|ahttp://publications.gc.ca|qPDF|s250 Ko|uhttps://publications.gc.ca/collections/Collection/NE22-1-1992-7-1F.pdf|yGH-1-92 [vol. 1] |